Statistics for Zion Williamson Trivia

Click here to take the quiz!

General Stats

  • This quiz has been taken 219 times
  • The average score is 11 of 15

Answer Stats

QuestionAnswer% Correct
What College Did Zion Attend?University of Duke Blue Devils
99%
What position does Zion play?Small/Power Forward
90%
In High School, Zion was recruited to LSU for playing a different sport, which sport was this?Football
86%
__-Star Recruit out of High School5
81%
What year was he born?2000
79%
As of the draft lottery (Before Trades) Who holds the 1st pick of 2019 NBA Draft?New Orleans Pelicans
79%
Listed Height?6'7
77%
During a game against North Carolina, Zion's infamous injury occurred when his _____ ripped in half.Shoe
74%
^ 3rd PickNew York Knicks
66%
^ 2nd PickMemphis Grizzlies
64%
What is Zion's Full Name (Middle too)? You can use google.Zion Lateef Williamson
64%
What state was he born in?North Carolina
63%
^ What position was he recruited for?Tight End
56%
^ High school?Spartanburg Day School
55%
^ CitySalisbury
38%

Score Distribution

Percentile by Number Answered

Percent of People with Each Score

Your Score History

You have not taken this quiz